| 000 | 00705nam a2200229 i 4500 | ||
|---|---|---|---|
| 001 | bg | ||
| 245 | 0 | 0 |
_aRocznik statystyczny Gdańska 2007 = _bStatistical yearbook of Gdańsk City / _c[zespół red. Janusz Łyskawa et al.] ; Urząd Statystyczny w Gdańsku. |
| 260 |
_aGdańsk : _bUrząd Statystyczny, _c2007. |
||
| 300 |
_a280 s. ; _bgł. tab. ; _c24 cm. |
||
| 546 | _aTekst równol. pol. i ang. | ||
| 651 | 9 |
_aGdańsk _ystan na 2006 r. |
|
| 655 | _aDane statystyczne | ||
| 700 | 1 |
_aŁyskawa, Janusz. _eRed. |
|
| 022 | _a16420667 | ||
| 040 | _cBPK | ||
| 041 | _apol | ||
| 044 | _aPOL | ||
| 080 | _a311.3(438) | ||
| 080 | _a(083.41) | ||
| 942 | _cKS | ||
| 008 | s pl f |000 0 pol | ||
| 999 |
_c55562 _d55562 |
||
| 856 |
_uhttp://koha.tu.koszalin.pl/cgi-bin/koha/opac-detail.pl?biblionumber=55562 _yKatalog online BPK |
||